| 000 | 00683nam a2200193 a 4500 | ||
|---|---|---|---|
| 001 | 000001350 | ||
| 005 | 20200929145542.0 | ||
| 008 | 821012s1928 enka 000 1 eng | ||
| 040 |
_aDO-SdBNP _bspa _cBNPHU |
||
| 082 |
_a843.4 _bV935c |
||
| 100 | 1 |
_aVoltaire. _q(François Marie Arouet), _d1694-1778. _94533 |
|
| 245 | 1 | 0 |
_aCandide and other romances / _cVoltaire ; traducción Richard Aldington. |
| 260 |
_aLondon, Great Britain : _bAbbey Library, _c[1928?]. |
||
| 300 |
_axxxiii, 220 p. : _bil. ; _c23 cm. |
||
| 500 | _aIncluye notas a pie de páginas | ||
| 650 | 4 |
_aNovela francesa _91075 |
|
| 650 | 4 |
_aLiteratura francesa _91074 |
|
| 700 | 1 |
_aAldington, Richard, _d1892-1962. _etr. _94534 |
|
| 999 |
_c1279 _d1279 |
||